<?xml version="1.0" encoding="UTF-8"?>
<record
    xmlns:xsi="http://www.w3.org/2001/XMLSchema-instance"
    xsi:schemaLocation="http://www.loc.gov/MARC21/slim http://www.loc.gov/standards/marcxml/schema/MARC21slim.xsd"
    xmlns="http://www.loc.gov/MARC21/slim">

  <leader>00788aam a22002297a 4500</leader>
  <controlfield tag="003">OSt</controlfield>
  <controlfield tag="005">20171009140131.0</controlfield>
  <controlfield tag="008">171009e201705  spc      |    0|0 0dcat|d</controlfield>
  <datafield tag="017" ind1=" " ind2=" ">
    <subfield code="a">DL L 609-2017</subfield>
    <subfield code="b">Biblioteca de Catalunya</subfield>
  </datafield>
  <datafield tag="020" ind1=" " ind2=" ">
    <subfield code="a">9788499758688</subfield>
  </datafield>
  <datafield tag="040" ind1=" " ind2=" ">
    <subfield code="a">ES-TaURV</subfield>
    <subfield code="b">cat</subfield>
    <subfield code="c">CDMR</subfield>
  </datafield>
  <datafield tag="100" ind1="1" ind2=" ">
    <subfield code="a">Cabr&#xE9;, Ma. &#xC1;ngeles,</subfield>
    <subfield code="d">1968-</subfield>
  </datafield>
  <datafield tag="245" ind1="1" ind2="0">
    <subfield code="a">Miralls creuats </subfield>
    <subfield code="b">: Roig - Capmany /</subfield>
    <subfield code="c">M. &#xC0;ngels Cabr&#xE9;</subfield>
  </datafield>
  <datafield tag="260" ind1=" " ind2=" ">
    <subfield code="a">Lleida :</subfield>
    <subfield code="b">Pag&#xE8;s Editors,</subfield>
    <subfield code="c">2017</subfield>
  </datafield>
  <datafield tag="300" ind1=" " ind2=" ">
    <subfield code="a">277 p&#xE0;gines ;</subfield>
    <subfield code="c">22 cm</subfield>
  </datafield>
  <datafield tag="504" ind1=" " ind2=" ">
    <subfield code="a">Bibliografia: p&#xE0;gines 267-277</subfield>
  </datafield>
  <datafield tag="600" ind1="1" ind2="7">
    <subfield code="a">Roig, Montserrat</subfield>
    <subfield code="d">1946-1991</subfield>
    <subfield code="2">lemac</subfield>
    <subfield code="9">2620</subfield>
    <subfield code="x">Biografia</subfield>
  </datafield>
  <datafield tag="600" ind1="1" ind2="7">
    <subfield code="a">Capmany, Maria Aur&#xE8;lia</subfield>
    <subfield code="d">1918-1991</subfield>
    <subfield code="2">lemac</subfield>
    <subfield code="9">3036</subfield>
    <subfield code="x">Biografia</subfield>
  </datafield>
  <datafield tag="650" ind1=" " ind2="7">
    <subfield code="a">Escriptores catalanes</subfield>
    <subfield code="y">S. XX</subfield>
    <subfield code="2">lemac</subfield>
    <subfield code="x">Biografia</subfield>
  </datafield>
  <datafield tag="650" ind1=" " ind2="4">
    <subfield code="a">Dones periodistes</subfield>
    <subfield code="9">2913</subfield>
  </datafield>
  <datafield tag="942" ind1=" " ind2=" ">
    <subfield code="c">MON</subfield>
  </datafield>
  <datafield tag="999" ind1=" " ind2=" ">
    <subfield code="c">7064</subfield>
    <subfield code="d">7064</subfield>
  </datafield>
  <datafield tag="952" ind1=" " ind2=" ">
    <subfield code="0">0</subfield>
    <subfield code="1">0</subfield>
    <subfield code="4">0</subfield>
    <subfield code="7">0</subfield>
    <subfield code="a">CDMR</subfield>
    <subfield code="b">CDMR</subfield>
    <subfield code="d">2017-10-09</subfield>
    <subfield code="e">Intercanvi</subfield>
    <subfield code="g">18.05</subfield>
    <subfield code="l">1</subfield>
    <subfield code="m">1</subfield>
    <subfield code="o">Du 1/132</subfield>
    <subfield code="p">CDMR17101614</subfield>
    <subfield code="r">2018-02-07</subfield>
    <subfield code="s">2017-12-15</subfield>
    <subfield code="v">18.05</subfield>
    <subfield code="w">2017-10-09</subfield>
    <subfield code="y">MON</subfield>
  </datafield>
</record>
